000
00287nam a2200109Ia 4500
008
200302s9999 xx 000 0 und d
100
_a
Marlene Ann Birkman
245
_a
Ggyo Obata- Architects/Clients/Reflections
260
_b
Images Publishing, Austraila
260
_c
2010
300
_a
240
999
_c
4509
_d
4509